|
|
|
|
| LEADER |
00614nab a2200181 i 4500 |
| 001 |
acta690 |
| 005 |
20210310124918.0 |
| 008 |
161015s1968 hu o 0|| rus d |
| 022 |
|
|
|a 0586-3732
|
| 040 |
|
|
|a SZTE Egyetemi Kiadványok Repozitórium
|b hun
|
| 041 |
|
|
|a rus
|
| 100 |
1 |
|
|a Karpov A. S.
|
| 245 |
1 |
0 |
|a Puti razvitiâ stihotvornogo èpoha v sovetskoj poèzii 20-yh godov
|h [elektronikus dokumentum] /
|c Karpov A. S.
|
| 260 |
|
|
|c 1968
|
| 300 |
|
|
|a 28-34
|
| 490 |
0 |
|
|a Dissertationes slavicae
|v 6
|
| 695 |
|
|
|a Irodalomtudomány
|
| 856 |
4 |
0 |
|u http://acta.bibl.u-szeged.hu/690/1/dissert_slav_006_028-034.pdf
|z Dokumentum-elérés
|